[Event "Montcalm V 1999-2000"]
[Site "Quebec CAN"]
[Date "2000.03.30"]
[Round "3"]
[White "L'Heureux, Clement"]
[Black "Auger, Bertrand"]
[Result "1/2-1/2"]
[WhiteElo "1874"]
[BlackElo "2024"]
[PlyCount "118"]
[GameId "2160767911732943"]
[EventDate "2000.03.16"]
[EventType "swiss"]
[EventRounds "5"]
[EventCountry "CAN"]

1. e4 e6 2. d4 d5 3. exd5 exd5 4. Nf3 Bd6 5. Bd3 Nc6 6. c3 Bg4 7. O-O Nge7 8. Re1 Qd7 9. Nbd2 O-O-O 10. b4 Ng6 11. b5 Nce7 12. Qa4 Kb8 13. Ne5 Nxe5 14. dxe5 Bc5 15. Nb3 Bb6 16. Qb4 Bf5 17. e6 fxe6 18. Bg5 Bxd3 19. Bxe7 Rde8 20. Bc5 Qxb5 21. a4 Qxb4 22. Bxb4 a6 23. a5 Ba7 24. Bc5 Bc4 25. Bxa7+ Kxa7 26. Nc5 e5 27. Rab1 Bb5 28. Rbd1 Bc6 29. Nd3 e4 30. Nb4 Re5 31. Rd4 Rf8 32. c4 Ref5 33. cxd5 Bb5 34. Rd2 Re8 35. Re3 Rf6 36. Rd4 c5 37. dxc6 Bxc6 38. f3 Re5 39. Nxc6+ Rxc6 40. Ra4 Rcc5 41. fxe4 Rxa5 42. Rd4 Re7 43. Kf2 Rae5 44. Kf3 R5e6 45. Rd5 b5 46. e5 Kb6 47. Kf4 h6 48. h4 b4 49. h5 a5 50. Kf5 a4 51. Re4 Kc6 52. Ra5 Kd7 53. Rxa4 Rf7+ 54. Kg4 Rb6 55. Raxb4 Rxb4 56. Rxb4 Ke6 57. Rb5 Rf2 58. g3 Rf7 59. Ra5 Rb7 1/2-1/2

[Event "Montcalm V 1999-2000"]
[Site "Quebec CAN"]
[Date "2000.04.06"]
[Round "4"]
[White "Auger, Bertrand"]
[Black "Papineau (Granby), Daniel"]
[Result "1-0"]
[WhiteElo "2024"]
[BlackElo "1816"]
[PlyCount "65"]
[GameId "2160767911732944"]
[EventDate "2000.03.16"]
[EventType "swiss"]
[EventRounds "5"]
[EventCountry "CAN"]

1. Nf3 g6 2. g3 Bg7 3. d4 f5 4. Bg2 Nf6 5. O-O d6 6. c4 O-O 7. Nc3 Nc6 8. b3 e5 9. d5 Ne7 10. e4 a6 11. Re1 h6 12. Bb2 f4 13. gxf4 exf4 14. e5 Nh7 15. exd6 cxd6 16. Nd4 Be5 17. Ne6 Bxe6 18. dxe6 f3 19. Bxf3 Ng5 20. Bg2 Nf5 21. Rxe5 dxe5 22. Nd5 Nxe6 23. Bxe5 Nh4 24. Qg4 Ng5 25. f4 Nxg2 26. Kxg2 Rf5 27. Rd1 Qe8 28. Qxf5 gxf5 29. Nf6+ Kf7 30. Nxe8 Rxe8 31. Rd7+ Kg6 32. Rxb7 Ne6 33. Rb6 1-0

[Event "Montcalm V 1999-2000"]
[Site "Quebec CAN"]
[Date "2000.04.13"]
[Round "5"]
[White "Fecteau, Martin"]
[Black "Auger, Bertrand"]
[Result "1/2-1/2"]
[WhiteElo "1917"]
[BlackElo "2024"]
[PlyCount "97"]
[GameId "2160767911732945"]
[EventDate "2000.03.16"]
[EventType "swiss"]
[EventRounds "5"]
[EventCountry "CAN"]

1. e4 e6 2. d4 d5 3. Nd2 dxe4 4. Nxe4 Bd7 5. Nf3 Bc6 6. Bd3 Nd7 7. O-O Ngf6 8. Nxf6+ Nxf6 9. c3 Bd5 10. Ne5 Be7 11. Re1 Nd7 12. Ng4 b6 13. Ne3 Bb7 14. Qa4 O-O 15. Ng4 c5 16. Bb5 Nf6 17. Nxf6+ Bxf6 18. dxc5 bxc5 19. Rd1 Qb6 20. Be3 a6 21. Bd3 Bc6 22. Qc2 Qb7 23. f3 Rfc8 24. Bxh7+ Kh8 25. Bd3 Bd5 26. c4 Bc6 27. Rab1 a5 28. Qf2 Qc7 29. g3 Rab8 30. Qg2 Qe5 31. Bf2 g6 32. b3 Kg7 33. Re1 Qc3 34. Be2 Rd8 35. Bxc5 Rd2 36. Rbd1 Rbd8 37. Qf2 Rxe2 38. Qxe2 Bxf3 39. Qf1 Bxd1 40. Rxd1 Qe5 41. Bf2 Qc3 42. Rxd8 Bxd8 43. Qd1 Bf6 44. a4 e5 45. Kf1 e4 46. Be1 Qb2 47. Bf2 Qc3 48. Be1 Qb2 49. Bf2 1/2-1/2

[Event "Montcalm V 1999-2000"]
[Site "Quebec CAN"]
[Date "2000.04.13"]
[Round "5"]
[White "Pilote, Guillaume"]
[Black "Gago, Nelson"]
[Result "0-1"]
[WhiteElo "1690"]
[BlackElo "1809"]
[PlyCount "48"]
[GameId "2160767911732946"]
[EventDate "2000.03.16"]
[EventType "swiss"]
[EventRounds "5"]
[EventCountry "CAN"]
[SourceTitle "EXT 2009"]
[Source "ChessBase"]
[SourceDate "2008.11.26"]
[SourceVersion "1"]
[SourceVersionDate "2008.11.26"]
[SourceQuality "1"]

1. e4 c6 2. d3 d5 3. Nd2 e5 4. g3 Nf6 5. Bg2 Bc5 6. Ngf3 O-O 7. O-O Nbd7 8. c3 Re8 9. b4 Bd6 10. Ne1 b6 11. f4 exf4 12. gxf4 dxe4 13. dxe4 Bf8 14. a3 Bb7 15. c4 c5 16. e5 Bxg2 17. Nxg2 Nxe5 18. fxe5 Qd4+ 19. Kh1 Ng4 20. Rb1 Nf2+ 21. Rxf2 Qxf2 22. Ne4 Qf5 23. Nd2 Rad8 24. Ne1 Rxd2 0-1

[Event "Montcalm op"]
[Site "Quebec CAN"]
[Date "2000.03.03"]
[Round "1"]
[White "Tanguay-Carel, Mathieu"]
[Black "Auger, Bertrand"]
[Result "0-1"]
[WhiteElo "1700"]
[BlackElo "2013"]
[PlyCount "60"]
[GameId "2160767911732966"]
[EventDate "2000.03.03"]
[EventType "swiss"]
[EventRounds "5"]
[EventCountry "CAN"]
[SourceTitle "EXT 2022"]
[Source "ChessBase"]
[SourceDate "2021.10.06"]
[SourceVersion "1"]
[SourceVersionDate "2021.10.06"]
[SourceQuality "1"]

1. d4 e6 2. Nf3 Nf6 3. Bg5 Be7 4. Nbd2 d5 5. e3 b6 6. Bb5+ Nfd7 7. Bxe7 Qxe7 8. Qe2 O-O 9. O-O c6 10. Bd3 c5 11. c4 Nc6 12. Rfe1 Bb7 13. cxd5 exd5 14. e4 Nxd4 15. Nxd4 cxd4 16. exd5 Qxe2 17. Bxe2 Bxd5 18. Bf3 Nf6 19. Re5 Rfd8 20. Bxd5 Nxd5 21. Nb3 Nb4 22. a3 Nc2 23. Rd1 Kf8 24. Rd3 Re8 25. Rxe8+ Rxe8 26. f3 Rd8 27. Kf2 a5 28. Ke2 a4 29. Nc1 Ne3 30. Na2 Nxg2 0-1

[Event "Montcalm op"]
[Site "Quebec CAN"]
[Date "2000.03.03"]
[Round "1"]
[White "Trottier, Julie"]
[Black "Bourassa, Andre"]
[Result "1-0"]
[WhiteElo "1765"]
[BlackElo "1572"]
[PlyCount "115"]
[GameId "2160767911732967"]
[EventDate "2000.03.03"]
[EventType "swiss"]
[EventRounds "5"]
[EventCountry "CAN"]
[SourceTitle "EXT 2022"]
[Source "ChessBase"]
[SourceDate "2021.10.06"]
[SourceVersion "1"]
[SourceVersionDate "2021.10.06"]
[SourceQuality "1"]

1. d4 Nf6 2. c4 c5 3. d5 d6 4. Nc3 e5 5. e4 g6 6. Be2 Bg7 7. Nf3 O-O 8. O-O Na6 9. Ne1 Ne8 10. Bg5 f6 11. Bh4 Nac7 12. Nc2 Bd7 13. Bg3 a6 14. Ne3 b5 15. f4 Bh6 16. Ng4 Bxg4 17. Bxg4 bxc4 18. Qa4 Rb8 19. Rab1 Rb4 20. Qc2 Qb8 21. Be2 Nb5 22. Nxb5 axb5 23. Qc3 Ra4 24. fxe5 fxe5 25. Rxf8+ Bxf8 26. a3 Nf6 27. Qf3 c3 28. Qxf6 Rxe4 29. Bd3 Re3 30. Bc2 Re2 31. Bd3 Rd2 32. Qf3 c4 33. Be4 Rxb2 34. Qxc3 Qa7+ 35. Kf1 Rxb1+ 36. Bxb1 Qd4 37. Qxd4 exd4 38. Ke2 Kf7 39. Kf3 Ke7 40. Ke4 Bg7 41. Bf2 d3 42. Be1 Bb2 43. Bb4 Be5 44. h3 Bb2 45. a4 bxa4 46. Ba2 d2 47. Bxd2 c3 48. Bg5+ Ke8 49. Kd3 Kd7 50. Bf6 a3 51. Bxc3 Ke7 52. Bxb2 axb2 53. Kc2 Kf6 54. Kxb2 Ke5 55. Kc3 Kf4 56. Bb1 Ke5 57. Kc4 Kf6 58. Kb5 1-0

[Event "Montcalm op"]
[Site "Quebec CAN"]
[Date "2000.03.04"]
[Round "2"]
[White "Bourassa, Andre"]
[Black "Grant, James"]
[Result "1-0"]
[WhiteElo "1572"]
[BlackElo "1440"]
[PlyCount "81"]
[GameId "2160767911732968"]
[EventDate "2000.03.03"]
[EventType "swiss"]
[EventRounds "5"]
[EventCountry "CAN"]
[SourceTitle "EXT 2022"]
[Source "ChessBase"]
[SourceDate "2021.10.06"]
[SourceVersion "1"]
[SourceVersionDate "2021.10.06"]
[SourceQuality "1"]

1. d4 d5 2. c4 e6 3. Nf3 Be7 4. Nc3 Nf6 5. Bg5 O-O 6. e3 h6 7. Bh4 b6 8. Rc1 Bb7 9. Be2 Nbd7 10. O-O Rc8 11. Ne5 Nxe5 12. dxe5 Nd7 13. Bxe7 Qxe7 14. cxd5 Nxe5 15. dxe6 fxe6 16. Qd4 Ng6 17. Bh5 Nh4 18. g3 Qg5 19. Qxh4 Qe5 20. Be2 Rf6 21. Qd4 Qxd4 22. exd4 Rcf8 23. Nb5 c6 24. Nxa7 Ra8 25. Nxc6 Rxa2 26. Nd8 Bd5 27. Bc4 Rxb2 28. Bxd5 exd5 29. Nc6 Rd2 30. Ne7+ Kf7 31. Nxd5 Rd6 32. Ne3 b5 33. d5 g6 34. Rb1 Ra2 35. Rxb5 Ra7 36. Rc1 Ke7 37. Rc6 Rxc6 38. dxc6 Kd6 39. Rb7 Ra1+ 40. Kg2 Kxc6 41. Rg7 1-0

[Event "Montcalm op"]
[Site "Quebec CAN"]
[Date "2000.03.04"]
[Round "3"]
[White "Auger, Bertrand"]
[Black "Paradis, Sylvain"]
[Result "0-1"]
[WhiteElo "2013"]
[BlackElo "1762"]
[PlyCount "90"]
[GameId "2160767911732970"]
[EventDate "2000.03.03"]
[EventType "swiss"]
[EventRounds "5"]
[EventCountry "CAN"]
[SourceTitle "EXT 2022"]
[Source "ChessBase"]
[SourceDate "2021.10.06"]
[SourceVersion "1"]
[SourceVersionDate "2021.10.06"]
[SourceQuality "1"]

1. Nf3 d5 2. g3 c5 3. Bg2 Nc6 4. d4 cxd4 5. Nxd4 e5 6. Nxc6 bxc6 7. c4 Be6 8. Qa4 Qd7 9. Nc3 Rc8 10. cxd5 cxd5 11. Qxd7+ Kxd7 12. Nxd5 Bd6 13. Bd2 Ne7 14. Nxe7 Kxe7 15. Bc3 f6 16. O-O Rhd8 17. Rfd1 Bc5 18. Rdc1 Kf7 19. Bb7 Rb8 20. Ba5 Rd6 21. Bf3 Bb6 22. Bxb6 axb6 23. Rc7+ Kg6 24. Kg2 Rd2 25. Re7 Bc4 26. Rc1 Bxa2 27. Be4+ Kh6 28. Rcc7 Rg8 29. g4 Rxb2 30. g5+ fxg5 31. Rc3 g4 32. Rc6+ g6 33. Rcc7 Rxe2 34. Rxh7+ Kg5 35. h4+ gxh3+ 36. Kf3 Re1 37. Bc6 e4+ 38. Kg3 Rf8 39. Rxh3 Rf3+ 40. Kg2 Rxh3 41. Kxh3 Be6+ 42. Kg2 e3 43. Kf3 e2 44. Rb7 Bg4+ 45. Ke3 Rb1 0-1

[Event "Montcalm op"]
[Site "Quebec CAN"]
[Date "2000.03.04"]
[Round "3"]
[White "Hebert, Marc"]
[Black "Bourassa, Andre"]
[Result "1-0"]
[WhiteElo "1737"]
[BlackElo "1572"]
[PlyCount "61"]
[GameId "2160767911732971"]
[EventDate "2000.03.03"]
[EventType "swiss"]
[EventRounds "5"]
[EventCountry "CAN"]
[SourceTitle "EXT 2022"]
[Source "ChessBase"]
[SourceDate "2021.10.06"]
[SourceVersion "1"]
[SourceVersionDate "2021.10.06"]
[SourceQuality "1"]

1. d4 Nf6 2. c4 c5 3. e3 d5 4. cxd5 cxd4 5. Qxd4 Qxd5 6. Nf3 Nc6 7. Qxd5 Nxd5 8. Bc4 Nb6 9. Bb3 Nb4 10. Ne5 e6 11. a3 N4d5 12. e4 Nf6 13. Nc3 Bd6 14. Nd3 e5 15. O-O a6 16. f4 Nbd7 17. fxe5 Nc5 18. Nxc5 Bxc5+ 19. Kh1 Nd7 20. Bxf7+ Kd8 21. e6 Ne5 22. Bg5+ Kc7 23. Nd5+ Kb8 24. Bf4 Bd6 25. Bxe5 Bxe5 26. e7 Bd7 27. Nb6 Bb5 28. Rfd1 Bc7 29. Nxa8 Kxa8 30. Rac1 Bc6 31. Rxc6 1-0

[Event "Montcalm op"]
[Site "Quebec CAN"]
[Date "2000.03.05"]
[Round "4"]
[White "Auger, Bertrand"]
[Black "Sauve, Richard"]
[Result "1-0"]
[WhiteElo "2013"]
[BlackElo "1950"]
[PlyCount "97"]
[GameId "2160767911732972"]
[EventDate "2000.03.03"]
[EventType "swiss"]
[EventRounds "5"]
[EventCountry "CAN"]
[SourceTitle "EXT 2022"]
[Source "ChessBase"]
[SourceDate "2021.10.06"]
[SourceVersion "1"]
[SourceVersionDate "2021.10.06"]
[SourceQuality "1"]

1. d4 Nf6 2. Nf3 e6 3. g3 c5 4. Bg2 Nc6 5. O-O cxd4 6. Nxd4 Bc5 7. Nb3 Be7 8. e4 d5 9. Nc3 Nxe4 10. Nxe4 dxe4 11. Qe2 f5 12. Rd1 Qc7 13. Qc4 O-O 14. Nd4 Qd7 15. Be3 Nxd4 16. Bxd4 Qc6 17. Qb3 a5 18. Rac1 Bg5 19. Be3 Bxe3 20. Qxe3 Qc7 21. c4 Rd8 22. Qg5 Re8 23. c5 Bd7 24. Rd6 Bc6 25. Bf1 Rad8 26. Qf4 Qe7 27. Bc4 Qf6 28. Rcd1 Rc8 29. b3 g5 30. Qd2 Ra8 31. a4 h6 32. Bb5 Rec8 33. Bxc6 bxc6 34. Rd7 f4 35. Qe2 fxg3 36. hxg3 Rf8 37. R1d2 Rab8 38. Qxe4 Qf5 39. Qd4 Qf6 40. Qe4 Qf5 41. Qd4 e5 42. Qc4+ Kh8 43. R7d6 Rf6 44. Rxf6 Qxf6 45. Rd6 Qf8 46. Qe6 Re8 47. Qxh6+ Qxh6 48. Rxh6+ Kg7 49. Rxc6 1-0

[Event "Montcalm op"]
[Site "Quebec CAN"]
[Date "2000.03.05"]
[Round "4"]
[White "Bourassa, Andre"]
[Black "Gagnon, Alain"]
[Result "1/2-1/2"]
[WhiteElo "1572"]
[BlackElo "1514"]
[PlyCount "96"]
[GameId "2160767911732973"]
[EventDate "2000.03.03"]
[EventType "swiss"]
[EventRounds "5"]
[EventCountry "CAN"]
[SourceTitle "EXT 2022"]
[Source "ChessBase"]
[SourceDate "2021.10.06"]
[SourceVersion "1"]
[SourceVersionDate "2021.10.06"]
[SourceQuality "1"]

1. d4 Nf6 2. c4 g6 3. Nc3 d5 4. cxd5 Nxd5 5. e4 Nxc3 6. bxc3 Bg7 7. Bc4 c5 8. Ne2 O-O 9. O-O Nc6 10. Be3 Bg4 11. f3 Na5 12. Bxf7+ Rxf7 13. fxg4 Rxf1+ 14. Qxf1 Qd7 15. h3 Nc4 16. Bf2 Nd2 17. Qd1 Nxe4 18. Qb3+ Kh8 19. Be3 cxd4 20. cxd4 b6 21. Rf1 Rd8 22. Rf4 Ng5 23. h4 Ne6 24. Re4 Nc7 25. Bg5 Nd5 26. Qa3 h6 27. Bd2 Qb5 28. Qc1 Qd3 29. Re6 Bxd4+ 30. Nxd4 Qxd4+ 31. Kh2 Qxg4 32. Qe1 Nf4 33. Bxf4 Qxf4+ 34. Qg3 Qxg3+ 35. Kxg3 Rd7 36. Rxg6 Kh7 37. Re6 Kg7 38. Kf4 Kf7 39. Rxh6 Rd2 40. g4 Rxa2 41. Rh7+ Kf8 42. g5 Ra1 43. h5 Rf1+ 44. Ke4 a5 45. g6 Rf6 46. Ke5 a4 47. Rh8+ Kg7 48. Rh7+ Kf8 1/2-1/2

[Event "Montcalm op"]
[Site "Quebec CAN"]
[Date "2000.03.05"]
[Round "5"]
[White "Fortier, Marc-Andre"]
[Black "Auger, Bertrand"]
[Result "1-0"]
[WhiteElo "2094"]
[BlackElo "2013"]
[PlyCount "85"]
[GameId "2160767911732975"]
[EventDate "2000.03.03"]
[EventType "swiss"]
[EventRounds "5"]
[EventCountry "CAN"]
[SourceTitle "EXT 2022"]
[Source "ChessBase"]
[SourceDate "2021.10.06"]
[SourceVersion "1"]
[SourceVersionDate "2021.10.06"]
[SourceQuality "1"]

1. e4 e6 2. f4 d5 3. e5 b6 4. Nf3 Ba6 5. d3 c5 6. g3 Be7 7. Bg2 h5 8. h3 Nd7 9. b3 g6 10. c4 Bb7 11. Qe2 Nf8 12. Nc3 Qd7 13. Bb2 O-O-O 14. O-O-O Kb8 15. g4 Rh7 16. Ng5 Bxg5 17. fxg5 a6 18. d4 Ne7 19. dxc5 bxc5 20. Ne4 Qc7 21. Nd6 Bc6 22. gxh5 gxh5 23. cxd5 exd5 24. Qxa6 Nfg6 25. Rhf1 d4 26. Nb5 Qb7 27. Qa5 Rd7 28. Rf6 Qxb5 29. Qxb5+ Bxb5 30. Rb6+ Ka7 31. Rxb5 Nf4 32. Be4 Rh8 33. Rxc5 Ne6 34. Rc4 Rhd8 35. b4 d3 36. h4 Nf4 37. Kd2 Rc8 38. Rdc1 Rxc4 39. Rxc4 Kb6 40. a4 Ned5 41. Bd4+ Ka6 42. Bf5 Nb6 43. Bxb6 1-0

[Event "Montcalm op"]
[Site "Quebec CAN"]
[Date "2000.03.05"]
[Round "5"]
[White "Pouliot, Roger"]
[Black "Bourassa, Andre"]
[Result "0-1"]
[WhiteElo "1410"]
[BlackElo "1572"]
[PlyCount "76"]
[GameId "2160767911732977"]
[EventDate "2000.03.03"]
[EventType "swiss"]
[EventRounds "5"]
[EventCountry "CAN"]
[SourceTitle "EXT 2022"]
[Source "ChessBase"]
[SourceDate "2021.10.06"]
[SourceVersion "1"]
[SourceVersionDate "2021.10.06"]
[SourceQuality "1"]

1. d4 Nf6 2. c4 c5 3. d5 d6 4. Nc3 e5 5. dxe6 fxe6 6. e4 Nc6 7. Nf3 e5 8. Bd3 Bg4 9. h3 Bh5 10. O-O Be7 11. Nd5 Nxd5 12. cxd5 Nd4 13. Be2 Nxe2+ 14. Qxe2 O-O 15. g4 Be8 16. a4 a6 17. Bd2 b5 18. a5 b4 19. Rfc1 Bb5 20. Qd1 Bd3 21. Rxc5 Bxe4 22. Nxe5 dxc5 23. Nc6 Qc7 24. Qe2 Bh4 25. Qxe4 Bxf2+ 26. Kg2 Qg3+ 27. Kf1 Be1+ 28. Ke2 Qf2+ 29. Kd3 Qxd2+ 30. Kc4 Rf4 31. Ne7+ Kh8 32. Qxf4 Qxf4+ 33. Kxc5 Qc7+ 34. Nc6 Bf2+ 35. Kxb4 Qf4+ 36. Kc3 Qf3+ 37. Kc4 Qe4+ 38. Kc3 Qxd5 0-1

[Event "Montcalm-ch"]
[Site "Quebec CAN"]
[Date "2000.04.27"]
[Round "1"]
[White "Auger, Bertrand"]
[Black "Martineau, Michel"]
[Result "1-0"]
[WhiteElo "1998"]
[BlackElo "1905"]
[PlyCount "59"]
[GameId "2160767911724530"]
[EventDate "2000.04.27"]
[EventType "tourn"]
[EventRounds "5"]
[EventCountry "CAN"]

1. c4 g6 2. Nc3 Bg7 3. g3 e5 4. Bg2 d6 5. e3 f5 6. d3 Nf6 7. Nge2 O-O 8. O-O c6 9. b4 Be6 10. b5 d5 11. Ba3 Re8 12. cxd5 Nxd5 13. Nxd5 Bxd5 14. Bxd5+ Qxd5 15. Nc3 Qe6 16. Qb3 Qxb3 17. axb3 Rd8 18. Rfd1 a6 19. Be7 Rd7 20. Bc5 cxb5 21. Nxb5 Nc6 22. Nc3 Rc8 23. Na4 Rcd8 24. Bb6 Re8 25. Kf1 Bf8 26. Ke2 Bb4 27. Nc5 Rd5 28. Rac1 Bxc5 29. Rxc5 Rxc5 30. Bxc5 1-0

[Event "Montcalm-ch"]
[Site "Quebec CAN"]
[Date "2000.05.04"]
[Round "2"]
[White "Auger, Bertrand"]
[Black "Fecteau, Martin"]
[Result "1/2-1/2"]
[WhiteElo "1998"]
[BlackElo "1938"]
[PlyCount "86"]
[GameId "2160767911724531"]
[EventDate "2000.04.27"]
[EventType "tourn"]
[EventRounds "5"]
[EventCountry "CAN"]

1. Nf3 Nf6 2. g3 Nc6 3. d4 d5 4. Bg2 e6 5. O-O Be7 6. b3 O-O 7. Bb2 h6 8. Nbd2 b6 9. c4 Bb7 10. Ne5 Nxe5 11. dxe5 Nd7 12. Qc2 c5 13. cxd5 Bxd5 14. e4 Bc6 15. Nc4 Qc7 16. f4 b5 17. Ne3 Rac8 18. Nd5 exd5 19. exd5 Ba8 20. d6 Bxd6 21. exd6 Qxd6 22. Rad1 Qc7 23. Qf5 Rfd8 24. Qg4 f6 25. Qe6+ Kh8 26. Bxa8 Rxa8 27. Qf7 Qc6 28. Rfe1 Nb6 29. Rxd8+ Rxd8 30. Re7 Rg8 31. Rxa7 c4 32. Rc7 Qd6 33. Qe7 Qd1+ 34. Kf2 Nd5 35. Rd7 Qh1 36. Qf7 Qxh2+ 37. Kf3 c3 38. Bc1 Qh1+ 39. Kg4 Qxc1 40. Qxd5 c2 41. Rd8 Rxd8 42. Qxd8+ Kh7 43. Qd3+ Kg8 1/2-1/2

[Event "Montcalm-ch"]
[Site "Quebec CAN"]
[Date "2000.05.11"]
[Round "3"]
[White "Boudreau, Daniel"]
[Black "Auger, Bertrand"]
[Result "1-0"]
[WhiteElo "2097"]
[BlackElo "1998"]
[PlyCount "95"]
[GameId "2160767911724532"]
[EventDate "2000.04.27"]
[EventType "tourn"]
[EventRounds "5"]
[EventCountry "CAN"]

1. e4 e6 2. d4 d5 3. e5 b6 4. f4 Ne7 5. Nf3 Ba6 6. Bxa6 Nxa6 7. c3 Qd7 8. Qd3 Nb8 9. O-O c5 10. Be3 c4 11. Qe2 Nbc6 12. Nbd2 Na5 13. Rae1 h5 14. Bf2 Ng6 15. Be3 Ne7 16. Bf2 Nf5 17. Nh4 g6 18. Nxf5 gxf5 19. Bh4 Be7 20. Bxe7 Qxe7 21. Rf3 Qh4 22. Qf2 Qxf2+ 23. Kxf2 Ke7 24. Rg3 Rag8 25. Rxg8 Rxg8 26. Nf3 Nb7 27. Ng5 Nd8 28. Nh7 Rh8 29. Nf6 Nb7 30. Re3 h4 31. Rh3 Kf8 32. Kf3 Kg7 33. g3 hxg3 34. Rxg3+ Kf8 35. h4 Nd8 36. h5 Nc6 37. Rg5 Ne7 38. Kg3 Rh6 39. Kf3 Rh8 40. Rg2 Nc6 41. b3 Ne7 42. b4 Ng8 43. Rxg8+ Rxg8 44. Nxg8 Kxg8 45. b5 Kg7 46. Kg3 f6 47. exf6+ Kxf6 48. Kh4 1-0

[Event "Montcalm-ch"]
[Site "Quebec CAN"]
[Date "2000.05.18"]
[Round "4"]
[White "Auger, Bertrand"]
[Black "L'Heureux, Clement"]
[Result "1-0"]
[WhiteElo "1998"]
[BlackElo "1880"]
[PlyCount "97"]
[GameId "2160767911724533"]
[EventDate "2000.04.27"]
[EventType "tourn"]
[EventRounds "5"]
[EventCountry "CAN"]

1. Nf3 Nf6 2. g3 b5 3. Bg2 Bb7 4. O-O d5 5. d4 c6 6. b3 e6 7. Bb2 a6 8. Nbd2 Be7 9. e3 O-O 10. Qe2 Nbd7 11. Rfc1 Rc8 12. c4 Re8 13. Rc2 Bd6 14. Ne5 Qc7 15. cxb5 Nxe5 16. bxa6 Ba8 17. dxe5 Bxe5 18. Bxe5 Qxe5 19. Rac1 Qd6 20. Qd3 Nd7 21. Ne4 Qa3 22. Nc5 Nxc5 23. Rxc5 Rc7 24. Bf1 Rb8 25. R1c2 Rb6 26. Qc3 h6 27. Qa5 Qxa5 28. Rxa5 Kf8 29. Rac5 Ke7 30. Bd3 Kd6 31. Kf1 f5 32. Ke1 Rf7 33. Kd2 e5 34. f4 e4 35. Be2 g5 36. Ke1 gxf4 37. gxf4 Rg7 38. Kf2 Rb8 39. Bf1 Rbg8 40. b4 Rg1 41. b5 Rh1 42. b6 Rxh2+ 43. Ke1 Rxc2 44. Rxc2 Rb8 45. Rb2 c5 46. b7 Bxb7 47. a7 Kc7 48. axb8=Q+ Kxb8 49. Ba6 1-0

[Event "Montcalm-ch"]
[Site "Quebec CAN"]
[Date "2000.05.25"]
[Round "5"]
[White "Sauve, Richard"]
[Black "Auger, Bertrand"]
[Result "0-1"]
[WhiteElo "1928"]
[BlackElo "1998"]
[PlyCount "56"]
[GameId "2160767911724534"]
[EventDate "2000.04.27"]
[EventType "tourn"]
[EventRounds "5"]
[EventCountry "CAN"]

1. d4 e6 2. c4 Nf6 3. Nc3 Bb4 4. e3 O-O 5. Bd3 c5 6. Nf3 b6 7. O-O Bb7 8. Bd2 d6 9. a3 Bxc3 10. Bxc3 Ne4 11. Qc2 f5 12. Rfd1 Nd7 13. Ne1 Qg5 14. b4 Ndf6 15. dxc5 Ng4 16. Bxe4 fxe4 17. Rd2 Nxe3 18. Qb3 d5 19. cxd5 Nxd5 20. Re2 Rf3 21. h4 Qg6 22. Rc1 Raf8 23. Qb2 Nf4 24. c6 Nxe2+ 25. Qxe2 Bxc6 26. Nxf3 exf3 27. Qf1 Bb5 28. h5 Qg4 0-1

[Event "Monteregie qual."]
[Site "Beloeil CAN"]
[Date "2000.05.21"]
[Round "3"]
[White "Falardeau, Bruno"]
[Black "Audet, Michel"]
[Result "1/2-1/2"]
[WhiteElo "1898"]
[BlackElo "1753"]
[PlyCount "91"]
[GameId "2160767911711836"]
[EventDate "2000.05.20"]
[EventType "swiss"]
[EventRounds "4"]
[EventCountry "CAN"]

1. e3 Nf6 2. c4 e5 3. Nc3 b6 4. d4 exd4 5. exd4 Bb7 6. Nf3 d5 7. Bg5 Be7 8. Rc1 O-O 9. Bd3 Ne4 10. Bxe7 Qxe7 11. Qe2 Qb4 12. O-O Nxc3 13. Rxc3 Qd6 14. Rfc1 dxc4 15. Rxc4 Bd5 16. Rxc7 Nc6 17. Ng5 g6 18. R7xc6 Bxc6 19. Qg4 h5 20. Qh4 Kg7 21. Rd1 Rad8 22. Bc2 f6 23. Nh3 f5 24. Nf4 Qf6 25. Qg3 Rh8 26. Bb3 Kh6 27. d5 Bd7 28. Nh3 h4 29. Qe3+ g5 30. f4 g4 31. Ng5 Rde8 32. Qf2 Kg6 33. Ne6 h3 34. g3 Rh7 35. Re1 Rhe7 36. Re5 Bxe6 37. dxe6 Rxe6 38. Bxe6 Rxe6 39. Rxe6 Qxe6 40. a3 Qe4 41. Qd2 Qc6 42. Kf2 Qf3+ 43. Kg1 Qc6 44. Kf2 a5 45. Ke2 b5 46. Ke1 1/2-1/2

[Event "Monteregie qual."]
[Site "Beloeil CAN"]
[Date "2000.05.21"]
[Round "3"]
[White "Morissette, Jean"]
[Black "Masse, Hugues"]
[Result "0-1"]
[WhiteElo "1875"]
[BlackElo "1988"]
[PlyCount "82"]
[GameId "2160767911711837"]
[EventDate "2000.05.20"]
[EventType "swiss"]
[EventRounds "4"]
[EventCountry "CAN"]

1. c4 f5 2. g3 Nf6 3. Bg2 g6 4. Nc3 Bg7 5. d3 O-O 6. e3 d6 7. Nh3 e5 8. O-O Nc6 9. a3 h6 10. f4 Ng4 11. Nd5 Ne7 12. Rb1 c6 13. Nc3 Qe8 14. Bf3 Bf6 15. Kh1 Kh8 16. e4 exf4 17. Nxf4 Ne5 18. Bg2 Bg7 19. Qe2 fxe4 20. Bxe4 g5 21. Ng2 Bg4 22. Qe1 Qh5 23. Be3 Bf3 24. Qd2 Bxe4 25. dxe4 Nf3 26. Rxf3 Rxf3 27. Qxd6 Qf7 28. Bg1 Rf8 29. Rd1 Rf6 30. Qc7 Nc8 31. Rd7 Qg6 32. Ne3 Nb6 33. Re7 R6f7 34. Nf5 Rxe7 35. Qxe7 Qf7 36. Qb4 Nxc4 37. Bc5 a5 38. Qb3 Rd8 39. Qc2 Rd2 40. Qc1 Rxb2 41. Nxg7 Qf3+ 0-1

[Event "Monteregie qual."]
[Site "Beloeil CAN"]
[Date "2000.05.21"]
[Round "4"]
[White "Audet, Michel"]
[Black "Morissette, Jean"]
[Result "1/2-1/2"]
[WhiteElo "1753"]
[BlackElo "1875"]
[PlyCount "140"]
[GameId "2160767911711838"]
[EventDate "2000.05.20"]
[EventType "swiss"]
[EventRounds "4"]
[EventCountry "CAN"]

1. f4 e6 2. Nf3 Nf6 3. c4 b6 4. d3 Bb7 5. e4 d6 6. Be2 c5 7. O-O Nc6 8. Na3 Be7 9. Nc2 Qc7 10. Qe1 O-O-O 11. b4 cxb4 12. a3 b3 13. Ncd4 d5 14. Nb5 Qd7 15. cxd5 exd5 16. e5 Ne8 17. d4 Kb8 18. Bd3 Rc8 19. f5 Ka8 20. Bd2 a6 21. a4 Nc7 22. Nxc7+ Rxc7 23. Qb1 f6 24. e6 Qd6 25. Qxb3 Nb4 26. Ne1 Nxd3 27. Nxd3 Rc4 28. Bf4 Qc6 29. Rfc1 Rc8 30. Rab1 Ka7 31. Nb2 Rb4 32. Qg3 Qe8 33. Rxc8 Bxc8 34. Bb8+ Ka8 35. Bd6 Rxd4 36. Bxe7 Qxe7 37. Rc1 Kb7 38. Qc3 Qc5 39. Qxc5 bxc5 40. Rxc5 g6 41. fxg6 hxg6 42. Rc3 Bxe6 43. Nd3 Bf5 44. Rb3+ Ka7 45. Nb4 Bd7 46. a5 Bb5 47. Kf2 Kb7 48. h3 Rd2+ 49. Kf3 Kc7 50. g4 Kd6 51. Nxa6 Bc4 52. Rb6+ Ke5 53. Nc5 Kd4 54. Nb3+ Bxb3 55. Rxb3 Ra2 56. Rb6 Ke5 57. g5 Ra3+ 58. Ke2 fxg5 59. Rxg6 Kf5 60. Rd6 Rxa5 61. Rd8 Kf4 62. Rf8+ Kg3 63. Rf3+ Kh4 64. Rf5 Ra2+ 65. Ke3 Ra3+ 66. Kf2 d4 67. Rd5 d3 68. Kg2 d2 69. Rxd2 Rxh3 70. Rd4+ g4 1/2-1/2

[Event "Monteregie qual."]
[Site "Beloeil CAN"]
[Date "2000.05.21"]
[Round "4"]
[White "Masse, Hugues"]
[Black "Falardeau, Bruno"]
[Result "1/2-1/2"]
[WhiteElo "1922"]
[BlackElo "1898"]
[PlyCount "33"]
[GameId "2160767911711839"]
[EventDate "2000.05.20"]
[EventType "swiss"]
[EventRounds "4"]
[EventCountry "CAN"]

1. e4 e6 2. d4 d5 3. e5 c5 4. c3 Nc6 5. Nf3 Qb6 6. Be2 Nge7 7. Na3 Nf5 8. Nc2 Bd7 9. O-O Rc8 10. b3 cxd4 11. cxd4 Nb4 12. Nxb4 Bxb4 13. Bb2 Bb5 14. a3 Bxe2 15. Qxe2 Be7 16. Qd3 O-O 17. Rfc1 1/2-1/2